000 004500000a22001570004500
003 LK-CoMWRAF
008 230817t ||||| |||| 00| 0 eng d
040 _aLK-CoMWRAF
_dLK-CoMWRAF
_eLK-CoMWRAF
041 _aeng
082 _a180
_bMAN
245 _aManual on islam and family planning
_bproduced through the deliberation during the international workshop
260 _aYogyakarta
_bISIA
_c1990
300 _ap.83
650 _aMuslim law
942 _cBK
999 _c148
_d148